Xử lý và vận chuyển dầu mỏ
Sparad:
| Huvudupphovsman: | |
|---|---|
| Materialtyp: | Bok |
| Språk: | Undetermined |
| Publicerad: |
Tp. HCM
ĐHQG
207tr
|
| Ämnen: | |
| Taggar: |
Lägg till en tagg
Inga taggar, Lägg till första taggen!
|
| Thư viện lưu trữ: | Trung tâm Học liệu Trường Đại học Cần Thơ |
|---|
| LEADER | 00488nam a2200169Ia 4500 | ||
|---|---|---|---|
| 001 | CTU_47655 | ||
| 008 | 210402s9999 xx 000 0 und d | ||
| 082 | |a 665.5 | ||
| 082 | |b Th552 | ||
| 100 | |a PHÙNG ĐÌNH THỰC | ||
| 245 | 0 | |a Xử lý và vận chuyển dầu mỏ | |
| 245 | 0 | |c PHÙNG ĐÌNH THỰC | |
| 260 | |a Tp. HCM | ||
| 260 | |b ĐHQG | ||
| 260 | |c 207tr | ||
| 650 | |a petroleum industry and trade | ||
| 980 | |a Trung tâm Học liệu Trường Đại học Cần Thơ | ||